Bytový dom

Enregistré dans:
Détails bibliographiques
Auteur principal: Hargaš, Pavol (Auteur)
Autres auteurs: Križanová, Barbara (Directeur de thèse)
Format: Manuscrit Livre
Langue:slovaque
Publié: 2024
Sujets:
Accès en ligne:http://is.stuba.sk/zp/portal_zp.pl?podrobnosti=167423
https://opac.crzp.sk/?fn=detailBiblioForm&sid=E453B9399FE150D68836B6992C29
Tags: Ajouter un tag
Pas de tags, Soyez le premier à ajouter un tag!

MARC

LEADER 00000ntm a22000003a 4500
001 stuzp99277
003 SK-STU
005 20240917094015.8
007 ta
008 150427s2015----xo-----f-mn---000-0-slo-d
040 |a STU  |b slo 
041 0 |a slo 
100 1 |a Hargaš, Pavol  |u 010270  |4 aut  |U SvF Stavebná fakulta  |T SvF Katedra technológie stavieb  |X 114806  |U V270  |Y 28  |7 114806 
242 0 1 |a Residential house  |y eng 
245 1 0 |a Bytový dom 
260 |c 2024 
650 4 |a bytový dom  |2 slo 
650 4 |a projekt organizácie výstavby  |2 slo 
650 4 |a realizácia vykurovacieho systému v bytovom dome  |2 slo 
650 4 |a časový plán  |2 slo 
650 4 |a apartment building  |2 eng 
650 4 |a construction organisation project  |2 eng 
650 4 |a implementation of the heating system in apartment building  |2 eng 
650 4 |a construction schedule  |2 eng 
700 1 |a Križanová, Barbara  |4 ths  |X 42510  |7 A000042510 
856 4 |u http://is.stuba.sk/zp/portal_zp.pl?podrobnosti=167423 
856 4 |u https://opac.crzp.sk/?fn=detailBiblioForm&sid=E453B9399FE150D68836B6992C29